000 00232nam a22000857a 4500
008 161022b xxu||||| |||| 00| 0 eng d
100 _9931
_aWason.V.
245 _aAccountancy for Class-XII
260 _aNew Delhi
_bS.Chand Publications
_c2012
999 _c3586
_d3586